Mennyit sportolnak az egyetemisták? Kevés a tornaterem
Elmentve itt :
| Dokumentumtípus: | Cikk |
|---|---|
| Megjelent: |
2000-03-22
|
| Sorozat: | Délmagyarország
90 No. 68 |
| Kulcsszavak: | Sport |
| Online Access: | http://dmarchiv.bibl.u-szeged.hu/80744 |
| LEADER | 00419nab a2200145 i 4500 | ||
|---|---|---|---|
| 001 | delm80744 | ||
| 005 | 20191029142022.0 | ||
| 008 | 191029s2000 hu o 0|| hun d | ||
| 040 | |a SZTE Délmagyarország Archívum |b hun | ||
| 041 | |a hun | ||
| 245 | 0 | 0 | |a Mennyit sportolnak az egyetemisták? Kevés a tornaterem |h [elektronikus dokumentum] |
| 260 | |c 2000-03-22 | ||
| 300 | |a 1, 6 | ||
| 490 | 0 | |a Délmagyarország |v 90 No. 68 | |
| 695 | |a Sport | ||